000 00799cam a22002771 4500
001 4314
003 BD-RjUL
005 20211208233854.0
008 131222s1963 ne b 000 0 eng
035 _a(BD-RjUL)
035 _a(OCoLC)734671
040 _aDLC
_cOClU
_dOCoLC
_dDLC
_beng
041 _aeng
082 _a332.414
_bPIS 1963
100 1 _aPitchford, J. D.
_q(John David),
_d1932-
_913667
245 1 2 _aA study of cost and demand inflation /
260 _aAmsterdam,
_bNorth-Holland Pub. Co.,
_c1963.
300 _a167 p.
_c22 cm.
504 _aIncludes bibliographies.
650 0 _aInflation (Finance)
_913668
740 0 _aCost and demand inflation.
942 _2ddc
_cBK
999 _c4314
_d4314